000 01128nam0a22002891 4500
001 rc\3935462
005 20250611030812.0
021 _aRU
_b[56-34681]
035 _a(NLR Aleph) 008035282
090 _a8846855
_c8846856
100 _a20130415d1956 |||y0rusy50 ca
101 0 _arus
102 _aRU
105 _aa z |||||
200 1 _aЛитейные свойства сталей 25Л, 25ХМ и 25ХМФ
210 _aМосква
_cБ. и.
_d1956
215 _a15 с.
_cил.
_d26
225 1 _aАкадемия наук СССР. Институт технико-экономической информации. Информация о научно-исследовательских работах
_v[Тема 1. № И-56-8]
300 _aНа обл. авт. не указаны
606 _aСталь
_xЛитейные свойства
_2psbo
700 1 _aГрузин
_bВ.Г.
_gВадим Георгиевич
701 1 _aСавейко
_bВ.Н.
_gВладислав Николаевич
801 0 _aRU
_bNLR
_gpsbo
801 1 _aRU
_bELAR
_2rusmarc
852 _aNLR
_jП11/1147
942 _cBOOK
980 _aNB